| 000 | 00380nam a2200133Ia 4500 | ||
|---|---|---|---|
| 008 | 231129s1985||||xx |||||||||||||| ||spa|| | ||
| 020 | _a958-9003-16-8 | ||
| 082 | _aHAJ- 0410 | ||
| 100 | _aVasco Luis Guillermo | ||
| 245 | 0 | _aJaibanás; los verdaderos hombres | |
| 260 | _c1985 | ||
| 264 | _aBogotá: Banco Popular 1985 | ||
| 942 |
_2ddc _cBKS |
||
| 999 |
_c16063 _d16063 |
||